Cinéma : distributions improbables - Statistiques

Statistiques générales
  • Ce quiz a été pris 26 fois
  • Le résultat moyen est 7 sur 26
Statistiques - réponses
Acteurs/actrices Acteurs/actrices Acteurs/Actrices Acteurs/Actrices Films % Correct
Mel Gibson Sophie Marceau Patrick McGoohan Jeanne Marine Braveheart
83%
Jean-Paul Belmondo David Niven Bourvil Eli Wallach Le Cerveau
65%
John Wayne Bourvil Arletty Robert Mitchum Le Jour le plus long
65%
Burt Lancaster Alain Delon Serge Reggiani Terence Hill Le Guépard
43%
Georges Clooney Jean Dujardin Matt Damon Aurélia Poirier Les Monuments Men
43%
Charles Bronson Alain Delon Toshirô Mifune Ursula Andress Soleil rouge
39%
Charles Bronson Marlène Jobert Annie Cordy Jean Piat Le Passager de la pluie
30%
James Stewart Daniel Gélin Doris Day Bernard Herrmann L'Homme qui en savait trop (1956)
30%
Terence Hill Jean Martin Henry Fonda Mario Brega Mon nom est personne
30%
Orson Welles Michel Sardou Michel Fugain Kirk Douglas Paris brûle-t-il ?
30%
Richard Widmark Jean-Pierre Cassel Sean Connery Ingrid Bergman Le Crime de l'Orient Express
26%
Robert De Niro Jean Reno Michael Lonsdale Katarina Witt Rônin
26%
Gary Cooper Maurice Chevalier Audrey Hepburn Moustache Ariane
22%
Orson Welles Jean-Paul Belmondo John Huston Peter O'Toole Casino Royale (1967)
22%
Yul Brynner Philippe Noiret Henry Fonda Michel Bouquet Le Serpent
22%
Kenneth Branagh Gérard Depardieu Charlton Heston Kate Winslet Hamlet (1996)
17%
Terence Hill Miou-Miou Patrick McGoohan Robert Charlebois Un Génie, deux associés, une cloche
17%
Matt Damon Vincent Cassel Alicia Vikander Tommy Lee Jones Jason Bourne
13%
John Wayne Gérard Blain Hardy Kruger Elsa Martinelli Hatari !
9%
Fernandel Buster Keaton David Niven Frank Sinatra Le Tour du monde en quatre-vingts jours
9%
Charles Bronson Michel Constantin Liv Ulmann James Mason De la part des copains
4%
Al Pacino Katie Holmes Gad Elmaleh John McEnroe Jack et Julie
4%
Anthony Quinn Alain Delon Michèle Morgan Claudia Cardinale Les Centurions
4%
Orson Welles Michel Constantin Ursula Andress Georges Géret L'Étoile du Sud
4%
Orson Welles Bourvil Jean Marais Gino Cervi Si Versailles m'était conté…
4%
Anthony Quinn Bruno Cremer Orson Welles Omar Sharif La Fabuleuse Aventure de Marco Polo
0%
Aucun quiz correspondant
Distribution des résultats
% des personnes avec chaque résultat
Percentile par nombre de réponses
Votre historique - résultats
Vous n’avez pas pris ce quiz